Statistics for Royal Houses of the Holy Roman Empire

Click here to take the quiz!

General Stats

  • This quiz has been taken 50 times
  • The average score is 5 of 13

Answer Stats

Years of RuleTotal Length of RuleAnswer% Correct
1440-1740, 1765-1806341Habsburg
98%
1312-1313, 1346-143792Luxembourg
54%
1314-1347, 1742-174536Wittelsbach
52%
800-888, 896-89991Carolingian
50%
1745-1765, 1765-180661Lorraine
35%
962-102462Ottonian
33%
1198-121517Welf
33%
1155-1197, 1220-125072Staufen
30%
1027-112598Salian
28%
901-9054Bosonid
11%
891-8987Widonid
11%
1133-11374Supplinburg
9%
915-9249Unruoching
9%

Score Distribution

Percentile by Number Answered

Percent of People with Each Score

Your Score History

You have not taken this quiz